|
|
|
|
| LEADER |
00868nam a22002532a 4500 |
| 001 |
001244213 |
| 003 |
CZ BrMZK |
| 005 |
20130425104349.0 |
| 007 |
ta |
| 008 |
120830s1973 xxu er|||||||||||eng d |
| 040 |
|
|
|a ABA001
|b cze
|d ABA001
|d BOA001
|
| 080 |
9 |
|
|a 632.954(075)=2
|
| 100 |
1 |
|
|a Ashton, Floyd M.,
|d 1922-
|7 mzk2013757951
|4 aut
|
| 245 |
1 |
0 |
|a Mode of action of herbicides /
|c Floyd M. Ashton, Alden S. Crafts
|
| 260 |
|
|
|a New York :
|b J. Wiley & Sons,
|c 1973
|
| 300 |
|
|
|a 504 s.
|
| 490 |
1 |
|
|a Wiley-interscience publication
|
| 504 |
|
|
|a Obsahuje bibliografie
|
| 700 |
1 |
|
|a Crafts, Alden S.
|q (Alden Springer),
|d 1897-1990
|7 uk2008425066
|4 aut
|
| 830 |
|
0 |
|a Wiley-interscience publication
|
| 910 |
|
|
|a BOA001
|b 2-0727.592
|
| 990 |
|
|
|a BK
|
| 991 |
|
|
|b 201208
|
| 996 |
7 |
|
|b 2619647478
|c 2-0727.592
|l Sklad H1
|r Sklad / do 24 hodin
|n 0
|h HS212
|w 001278185
|u 000010
|a 1
|e BOA001
|j MZK50
|s A
|